000
00289nam a22001337a 4500
082
_a
510,SHU
100
_a
SHUKLA,S.L
245
_a
FUNCTIONAL ANALYSIS
250
_a
11TH
260
_a
MEERUT
_b
PRAGATI PRAKASHAN
_c
2016
300
_a
252
650
_a
MATHEMATICS
942
_2
ddc
_c
FPS
_0
10
999
_c
10012
_d
10012